Transnational corporations: Number 2 (Бичлэгийн дугаар. 145986)
| 000 -УДИРДЛАГА | |
|---|---|
| Удирдлага | 00837nam a22002417a 4500 |
| 003 - ХЯНАЛТЫН ТОО ТОДОРХОЙЛОГЧ | |
| Код | MN-UlNUM |
| 005 - БИЧИЛТ ХИЙСЭН ОГНОО | |
| Тухайн бичилтийг бичсэн засварласан сүүлийн огноо | 20251219144759.0 |
| 008 - ЕРӨНХИЙ МЭДЭЭЛЭЛ | |
| Ерөнхий мэдээлэл | 251219s1996 nyu 00| 0 eng d |
| 022 ## - ISSN | |
| ISSN | 1014-9562 |
| 040 ## - БИЧЛЭГ ҮҮСГЭГЧ БАЙГУУЛЛАГА | |
| Бичлэг үүсгэгч номын сангийн код | МУИС-ийн номын сан |
| 084 ## - ББК АНГИЛАЛ | |
| Нэмэлт тусгалт | Бусад |
| ББК ангилал | 65.298 |
| Зохиогчийн гурван тэмдэгт | T 82 |
| Мэдлэгийн ялгаа | 65 - Эдийн засаг |
| 245 ## - ҮНДСЭН ГАРЧИГ | |
| Номын нэр | Transnational corporations: Number 2 |
| Ботийн дугаар | Vol. 5 |
| 260 ## - ГАРАЛТЫН МЭДЭЭ | |
| Хэвлэгдсэн газар | New York |
| Хэвлэлийн газар | United Nations |
| Хэвлэгдсэн он | 1996 |
| 300 ## - МАТЕРИАЛЫН ТОДОРХОЙЛОЛТ | |
| хуудасны тоо | 179 p. |
| 500 ## - Тайлбар | |
| Дансны дугаар | БС 4382 |
| 505 ## - Агуулгын тэмдэглэгээ | |
| Агуулгын тэмдэглэгээ | Transnational Corporations is a peer-reviewed journal published by UNCTAD focusing on foreign direct investment, multinational and transnational enterprises, international production, and their impact on economic development and public policy. |
| 546 ## - ХЭЛНИЙ ТУХАЙ МЭДЭЭ | |
| Хэл | Англи хэл дээр, |
| 653 ## - Түлхүүр үг | |
| Түлхүүр үг | economic policy |
| 653 ## - Түлхүүр үг | |
| Түлхүүр үг | transnational corporations |
| 653 ## - Түлхүүр үг | |
| Түлхүүр үг | globalization |
| 942 ## - ЭЛЕМЕНТИЙН ТӨРӨЛ | |
| Зүйлийн төрөл | Ном |
